000 003090000a22001330004500
020 _a0-689-82980-9
082 0 4 _aGI CTV H163o
100 1 _aHalperin, Wendy Anderson
245 1 0 _aLOVE IS / Wendy Anderson Halperin
260 _aNew York : Simon & Schuster
300 _a28 P.
001 324
942 _cLGB
999 _c47569
_d47569